| 000 | 01180cam a22002773a 4500 | ||
|---|---|---|---|
| 001 | 18932 | ||
| 003 | PGUSA | ||
| 005 | 20140828083413.0 | ||
| 008 | 060729s2006||||xxu|||||s|||||000 | eng d | ||
| 040 |
_aPGUSA _beng |
||
| 042 | _adc | ||
| 050 | 4 | _aRA | |
| 100 | 1 | _aNew Zealand. Committee of Inquiry into Mental Defectives and Sexual Offenders | |
| 245 | 1 | 0 |
_aMental Defectives and Sexual Offenders : _bReport of the Committee of Inquiry Appointed by the Hon. Sir Maui Pomare, K.B.E., C.M.G., Minister of Health _h[electronic resource] / _cNew Zealand. Committee of Inquiry into Mental Defectives and Sexual Offenders |
| 260 |
_bProject Gutenberg, _c2006 |
||
| 506 | _aPublic domain in the USA. | ||
| 516 | _aElectronic text | ||
| 653 | _aSex offenders -- Legal status, laws, etc. -- New Zealand | ||
| 653 | _aPeople with mental disabilities -- Legal status, laws, etc. -- New Zealand | ||
| 653 | _aSterilization (Birth control) -- New Zealand | ||
| 653 | _aMental health laws -- New Zealand | ||
| 653 | _aPeople with mental disabilities -- Care -- New Zealand | ||
| 830 | 0 |
_aProject Gutenberg _v18932 |
|
| 856 | 4 | 0 | _uhttp://www.gutenberg.org/ebooks/18932 |
| 942 | _cEB | ||
| 999 |
_c248187 _d248187 |
||